LEADER 00936nam0-2200265 --450 001 9910756599403321 005 20231122114309.0 010 $a978-88-94415-44-5 100 $a20231122d2020----kmuy0itay5050 ba 101 0 $aita 102 $aIT 105 $a 001yy 200 1 $aNon potete impedirla, dovete regolarla$egiustizia ed emigrazione in Italia$el'esperienza delle commissioni arbitrali provinciali per l'emigrazione (1901-1913)$fAlessia Maria Di Stefano 210 $aRoma$cHistoria et ius$d2020 215 $a243 p.$d24 cm 225 1 $aCollana di studi di storia del diritto medievale e moderno. Monografie$v5 676 $a342.4508209$v23$zita 700 1$aDi Stefano,$bAlessia Maria$0759730 801 0$aIT$bUNINA$gREICAT$2UNIMARC 901 $aBK 912 $a9910756599403321 952 $aV E1 33$b2021/1295$fFGBC 959 $aFGBC 996 $aNon potete impedirla, dovete regolarla$93594311 997 $aUNINA